Deutsche Darts WM Teilnehmer - Statistiken

Allgemein
  • Dieses Quiz wurde 1.178 mal gespielt
    241 seit der letzten Aktualisierung
  • Das Durchschnittsergebnis liegt bei 11 aus 22
Antwortstatistiken
Jahre Antwort % Korrekt
2018, 2019, 2022 - 2026 Martin Schindler
97%
2013 - 2017, 2019 - 2021, 2026 Max Hopp
95%
2019 - 2026 Gabriel Clemens
93%
2026 Arno Merk
81%
2024 - 2026 Ricardo Pietreczko
81%
2025, 2026 Niko Springer
74%
2026 Lukas Wenig
69%
2026 Dominik Grüllich
68%
2022 - 2025 Florian Hempel
62%
2025 Kai Gotthardt
49%
2019 Robert Marijanović
48%
2020, 2021 Nico Kurz
47%
2017, 2024 Dragutin Horvat
44%
2012, 2018 Kevin Münch
36%
2006, 2007, 2010, 2014 Tomas Seyler
36%
2016 René Eidams
33%
2006, 2010, 2011, 2013, 2014 Andree Welge
31%
2010 - 2012, 2015, 2016 Jyhan Artut
23%
2022 Fabian Schmutzler
22%
2015 Sascha Stein
12%
2011 Bernd Roith
10%
2008 Michael Rosenauer
7%
Keine übereinstimmenden Quizze gefunden
Verteilung der Resultate
Anzahl Personen mit jedem Resultat
Perzentil nach korrekt beantworteten Fragen
Ihre Resultats-Entwicklung
Sie haben dieses Quiz seit der letzten Aktualisierung nicht gespielt